Buslinien München - Statistiken

Allgemein
  • Dieses Quiz wurde 60 mal gespielt
  • Das Durchschnittsergebnis liegt bei 54 aus 80
Antwortstatistiken
Hint Antwort % Korrekt
Ostbahnhf- Waldperlach/Putzbrunn Michael- Haslbeck-Straße 55
87%
Moosach Bahnhof- Aidenbachstraße 51
83%
Sendlinger Tor- Tierpark(Alemannenstraße) 52
83%
OEZ- Dülferstraße 60
81%
Cityring im Uhrzeigersinn 58
79%
Rotkreuzplatz- Ostbahnhof 62
79%
Münchner Freiheit- Lorettoplatz 54
77%
Schloss Blutenburg- Fürstenried West 56
77%
Freiham Bahnhf- Laimer Platz 57
77%
Theresienhöhe- Forstenrieder Allee 134
75%
Max-Weber-Platz- Ostbahnhof- Emdenstraße 155
75%
Westfriedhof-Augustenfelder Straße 164
75%
Feldmoching Bahnhof- Kieferngarten 170
75%
Frankfurter Ring- Olschewskibogen 179
75%
OEZ- Johanneskirchen Bahnhof 50
75%
Ackermannbogen- Giesing Bahnhof 59
75%
Westfriedhof- Parkstadt Solln 151
73%
Westerlandanger- Nordbad 154
73%
Neue Gautinger Straße- Am Harras 157
73%
Karlsfeld Gartenstraße- Allach Bahnhof- Pasing Bahnhof- Maria-Eich-Straße- (Finkenstraße)- Waldfriedhof 160
73%
Berduxstraße- Pasing Bahnhof Nord 161
73%
Eichelhäherstraße- Moosach Bahnhof 162
73%
Allach Bahnhof Ost- Dessauerstraße 163
73%
Blumenau- Waldfriedhof 167
73%
Feldmoching Bahnhof- Am Hart 171
73%
Dachau Bahnhof- Am Hart 172
73%
Feldmoching Bahnhof- Petuelring 173
73%
Am Hart Dientzenhoferstraße 174
73%
Ludwigsfeld Campingplatz- Georg-Brauchle-Ring 175
73%
Berduxstraße- Kieferngarten 180
73%
Münchner Freiheit- Aidenbachstraße 53
73%
Marienplatz- Forstenrieder Park 132
71%
Thalkirchen(Tierpark)- Solln Bahnhof 135
71%
Wolfratshausener Straße- Solln Bahnhof 136
71%
Klinikum Harlaching- Messestadt West 139
71%
Lochhausen Bahnhof- Pasing Bahnhof 159
71%
Westfriedhof- Allach Bahnhof 165
71%
Kemptner Straße- Forst-Karsten-Allee 166
71%
Wastl-Wittl-Straße-.Nymphenburg Süd 168
71%
Ringlinie Moosach 169
71%
Petuelring- Studentenstadt 177
71%
Petuelring- Kieferngarten 178
71%
Rotkreuzplatz- Forstenrieder Allee 63
71%
Hauptbahnhf Nord- Ostbahnhof (Museenlinie) 100
69%
Pasing Bahnhof- Am Harras 130
69%
Odeonsplatz- Hochschule München- Trappentruestraße- (Harras) - ( Giesing Bahnhof nur in HVZ) 153
69%
Im Wismat- Amalienburgstraße 158
69%
Moosach Bahnhof- Karlsfelder Straße 176
69%
Studentenstadt- Wallnerstraße- (Dirnimaning Kranzberger Allee) 181
69%
Trudering Bahnhof- Neuperlach Zentrum 192
69%
Trudering Bahnhf- Haar Jagtfeldzentrum 193
69%
Neuperlach Süd- Michaelibad 195
69%
Neuperlach Süd- Neuperlach Zentrum 196
69%
Neuperlach Zentrum- Klara-Ziegler-Bogen 198
69%
Kieferngarten- Scheidplatz 140
67%
Dülferstraße- Scheidplatz 141
67%
Rotkreuzplatz- Scheidplatz 144
67%
Ostbahnhof- Fasangarten Bahnhof 145
67%
Ostbahnhof- Zamilapark 149
67%
Bremer Straße- Arabellapark 150
67%
Daglfing Bahnhof- Unterföhring Bahnhof 189
67%
Ostbahnhof Friedenstraße- Messestadt Ost 190
67%
Ostbahnhof Friedenstraße- Zamilapark 191
67%
Nauestraße- Riem Bahnhof 194
67%
Münchner Freiheit- Scheidplatz 142
65%
OEZ- Freiham Möbel Höffner 143
65%
Giesing Bahnhof- Kiefernstraße 147
65%
Arabellapark- Messestadt West 183
65%
Arabellapark- Bruno-Walter-Ring 184
65%
Arabellapark- Michaelibad 187
65%
Arabellapark- Iltisweg 185
63%
Daglfing Bahnhof- Unterföhring Fichtenstraße 188
63%
Neuperlach Süd- Michaelibad 199
63%
Messestadt Ost- Hofbräuallee 186
62%
Harras- Ostbahnhof- Arabellpark X30
44%
Mosach Bahnhof- Alte Heide X35
35%
Allach Bahnhof- Alte Heide X36
33%
Moosach Bahnhof- Lochhausen Bahnhof X80
23%
Neuperlach Zentrum- Klinikum Neuperlach- Quiddestraße- Neuperlach Zentrum 197 Außenring
0%
Neuperlach Zentrum- Schumacherring- Quiddestrße- Neuperlach Zentrum 197 Innenring
0%
Keine übereinstimmenden Quizze gefunden
Verteilung der Resultate
Anzahl Personen mit jedem Resultat
Perzentil nach korrekt beantworteten Fragen
Ihre Resultats-Entwicklung
Sie haben dieses Quiz noch nicht gespielt